China in 1700 (Record no. 514)

MARC details
000 -CABECERA
campo de control de longitud fija 01187nam a2200253 a 4500
001 - NÚMERO DE CONTROL
campo de control BRCA_586
005 - FECHA Y HORA DE LA ÚLTIMA TRANSACCIÓN
campo de control 20190320203055.0
008 - DATOS DE LONGITUD FIJA--INFORMACIÓN GENERAL
campo de control de longitud fija 880714s1988 ohua---##b---#000-0#eng-#
020 ## - NÚMERO INTERNACIONAL ESTÁNDAR DEL LIBRO
Número Internacional Estándar del Libro 091557716X
041 ## - CÓDIGO DE LENGUA
Código de lengua del texto/banda sonora o título independiente eng
044 ## - CÓDIGO DEL PAÍS DE LA ENTIDAD EDITORA/PRODUCTORA
Código MARC del país ohu
050 #4 - SIGNATURA TOPOGRÁFICA DE LA BIBLIOTECA DEL CONGRESO
Número de clasificación NK4565.5
Número de documento/Ítem .K47 1988
100 1# - ENTRADA PRINCIPAL--NOMBRE DE PERSONA
Nombre de persona Keppel, Sheila
9 (RLIN) 2015
245 10 - MENCIÓN DE TÍTULO
Título China in 1700
Resto del título Kangxi Porcelains at the Taft Museum
Mención de responsabilidad, etc. Sheila Keppel ; [photography Tony Walsh, Anthony Lauro, Ron Forth].
260 ## - PUBLICACIÓN, DISTRIBUCIÓN, ETC.
Lugar de publicación, distribución, etc. Cincinnati, Ohio
Nombre del editor, distribuidor, etc. The Taft Museum
Fecha de publicación, distribución, etc. c1988
300 ## - DESCRIPCIÓN FÍSICA
Extensión 24 p.
Otras características físicas il. (algunas a color)
Dimensiones 22 cm.
500 ## - NOTA GENERAL
Nota general Catálogo de la exposición realizada en The Taft Museum (Cincinnati, Ohio), 8 septiembre - 23 octubre, 1988 ; en el Flint Institute of Arts in the DeWaters Art Center (Flint, Michigan), 15 abril - 10 junio, 1989 y en la Ball State University, College of Fine Arts, Art Gallery, 16 julio - 17 septiembre, 1989
600 14 - PUNTO DE ACCESO ADICIONAL DE MATERIA--NOMBRE DE PERSONA
Nombre de persona Kangxi
Títulos y otros términos asociados al nombre Emperor of China
Fechas asociadas al nombre 1654-1722
Subdivisión de forma Exposiciones
Subdivisión general Mecenazgo artístico
9 (RLIN) 2016
610 24 - PUNTO DE ACCESO ADICIONAL DE MATERIA--NOMBRE DE ENTIDAD CORPORATIVA
Nombre de entidad corporativa o nombre de jurisdicción como elemento de entrada Taft Museum
Subdivisión de forma Exposiciones
9 (RLIN) 2017
650 14 - PUNTO DE ACCESO ADICIONAL DE MATERIA--TÉRMINO DE MATERIA
Término de materia o nombre geográfico como elemento de entrada Porcelana china
Subdivisión de forma Exposiciones
Subdivisión cronológica Dinastía Ming-Qing, 1368-1912
9 (RLIN) 2018
700 1# - PUNTO DE ACCESO ADICIONAL--NOMBRE DE PERSONA
Nombre de persona Walsh, Tony
9 (RLIN) 2019
700 1# - PUNTO DE ACCESO ADICIONAL--NOMBRE DE PERSONA
Nombre de persona Lauro, Anthony
9 (RLIN) 2020
942 ## - ELEMENTOS DE PUNTO DE ACCESO ADICIONAL (KOHA)
Fuente del sistema de clasificación o colocación Library of Congress Classification
Tipo de ítem Koha Libros
Holdings
Estado de retiro Estado de pérdida Estado dañado No para préstamo Localización permanente Ubicación/localización actual Fecha de adquisición Total de préstamos Signatura topográfica completa Código de barras Fecha visto por última vez Precio válido a partir de Tipo de ítem Koha
El ejemplar forma parte de la colección y puede ser consultado según las políticas vigentes.       Biblioteca del Museo Franz Mayer (Rogerio Casas-Alatriste) Biblioteca del Museo Franz Mayer (Rogerio Casas-Alatriste) 25/06/2008   NK4565.5 .K47 1988 00902 22/03/2019 22/03/2019 Libros